Manuál prognostických metod

Salvato in:
Dettagli Bibliografici
Altri autori: Potůček, Martin
Natura: Libro
Lingua:ceco
Pubblicazione: Praha Sociologické nakladatelství (SLON) 2006
Serie:Studijní texty 37. sv.
Soggetti:
Tags: Aggiungi Tag
Nessun Tag, puoi essere il primo ad aggiungerne!!

MARC

LEADER 00000nam$a2200000$$$4500
001 0076557
005 20240311131256.0
020 |a 80-86429-55-5 
041 0 |a cze 
044 |a CZ 
245 1 0 |a Manuál prognostických metod  |c Martin Potůček (ed.) 
264 1 |a Praha  |b Sociologické nakladatelství (SLON)  |c 2006 
300 |a 193 s. 
490 1 |a Studijní texty  |v 37. sv. 
830 0 |a Studijní texty  |v 37. sv. 
610 2 0 |a prognostika 
610 2 0 |a metódy prognostické 
610 2 0 |a analýzy 
610 2 0 |a politika verejná 
610 2 0 |a politika sociálna 
610 2 0 |a výskum 
610 2 0 |a vývoj spoločenský 
610 2 0 |a brainstorming 
610 2 0 |a metóda Delfy 
610 2 0 |a rozhodovanie 
610 2 0 |a modelovanie 
610 2 0 |a simulácia 
610 2 0 |a hry ekonomické 
610 2 0 |a vízie 
700 1 |a Potůček, Martin